L'arte di rialzarsi /

সংরক্ষণ করুন:
গ্রন্থ-পঞ্জীর বিবরন
প্রধান লেখক: Falzone, Salvatore, (1998- ) (লেখক)
অন্যান্য লেখক: Crepet, Paolo
বিন্যাস: গ্রন্থ
ভাষা:ইতালিয়
প্রকাশিত: Venezia : Marsilio, 2018
মালা:Romanzi e racconti
ট্যাগগুলো: ট্যাগ যুক্ত করুন
কোনো ট্যাগ নেই, প্রথমজন হিসাবে ট্যাগ করুন!

MARC

LEADER 00000nam a2200000 i 4500
001 IT\ICCU\LO1\1710900
003 ItRI
005 20240410185942.0
008 180601s2018 it |||||| ||||| |||||c
015 |2 IT  |a 2018-8629 
020 |a 9788831729321 
040 |b ita  |c GP 
041 7 |a ita  |2 ISO-639-2 
082 |a 853.92  |2 23 
100 1 |a Falzone, Salvatore,  |d  (1998- )  |0 IT\ICCU\LO1V\457834  |4 aut 
245 1 2 |a L'arte di rialzarsi /  |c Salvatore Falzone ; in appendice un dialogo con Paolo Crepet. 
260 |a Venezia :  |b Marsilio,  |c 2018 
300 |a 302 p. ;  |c 22 cm 
700 1 |a Crepet, Paolo  |0 IT\ICCU\CFIV\081563 
830 0 |a Romanzi e racconti  |0 IT\ICCU\CFI\0081871 
942 |2 ddc  |c BK 
952 |0 0  |1 0  |2 ddc  |4 0  |6 808_000000000000000_FAL  |7 1  |9 1223  |a RM  |b RM  |d 2024-04-10  |l 0  |o 808 FAL  |p 789  |r 2024-04-10 19:00:17  |w 2024-04-10  |y BK 
981 1 |6 z01  |a i   |b xxxe  
982 1 |6 z01  |a n 
999 |c 1127  |d 1127